01416 a2200181 45000010006000000050017000060080041000230030015000640400040000790800040001192450051001592500011002102640037002213000024002585050904002821000025011867000023012112296420260407155519.0260407a1972 arg spa dAR-UNSa-BCEJYS aAR-UNSa-BCEJYSbspacAR-UNSa-BCEJYS a338.5.01xTeorías de los precios 10aSistemas de precios y asiganción de recursos a4a. ed 1aMéxico :bInteramericanac1972 axiv, 367 p.c23 cm. a1. Introducción - 2. Organización de un sistema económico - 3. Demanda, oferta y precio de meracdo en competencia pura - 4. La demanda del consumidor individual: Enfoque de la utilidad - 5. Demanda del consumidor individual: Método de las curvas de indiferencia - 6. Clasificaciones de meracdo y curva de demanda que enfrenta la firma - 7. Los principios de la produución - 8. Costos de producción - 9. Determinación del precio y la producción en competencia pura - 10. Determinación del precio y la producción en monopolio puro - 11. Determinación del precio y de la producción en el oligopolio - 12. Determinación del precio y de la producción en competencia monopolistica - 13. Determinación del precio y empleo de los recursos: monopolio y monopsonio - 15. Asignación de los recursos - 16. Distribución del producto - 17. Equilibrio - 18. Programación lineal.1 aLeftwich, Richard H.1 aGivogri, Carlos A.